Datum a čas kvízu

22 Celkem bodů Celkový počet nahraných bodů na tomto kvízu bez doplňovacích otázek.
10. Pořadí na kvízu Konečné umístění týmu na tomto kvízu.

Zaznamenané odpovědi

# Otázka Odpověď Body Výsledky
1. Neobvyklý zásah za sebou mají... v Brně 1
2. Tento automobil stál na ulici... v Itálii 1
3. Streamovací platforma Netflix... Stranger Things 1
4. Český internetový prodejce, je... Notino 0
5. Mezinárodní unie moderního pět... parkur/jezdectví 1
6. Podíváme se mezi lékaře, kteří... Sám sobě vyoperoval slepé střevo (a přežil). 1
7. Tento český kardiochirurg dosá... Jan Pirk 1
8. Jednou z postav seriálu Simpso... Dlaha 1
9. Velkou tradici drží již po tři... Vladimír Beneš 1
10. Chirurga Benjamina Franklina „... Woody Allen 1